Organoclay/rubber nanocomposites (Record no. 53007)

MARC details
000 -LEADER
fixed length control field 00418nam a2200145Ia 4500
100 ## - MAIN ENTRY--AUTHOR NAME
Personal name Varghese S.
245 #0 - TITLE STATEMENT
Title Organoclay/rubber nanocomposites
260 ## - PUBLICATION, DISTRIBUTION, ETC. (IMPRINT)
Name of publisher Proceedings of the Indo-German Conference, 20 October 2002, Bombay, India.
Year of publication 2002
650 ## - SUBJECT ADDED ENTRY--TOPICAL TERM
Topical Term Nanocomposite
650 ## - SUBJECT ADDED ENTRY--TOPICAL TERM
Topical Term Organoclay
700 ## - ADDED ENTRY--PERSONAL NAME
Personal name Gatos K.G.
700 ## - ADDED ENTRY--PERSONAL NAME
Personal name Karger-Kocsis J.
942 ## - ADDED ENTRY ELEMENTS (KOHA)
Koha item type Bibliography STAF
Holdings
Withdrawn status Lost status Damaged status Not for loan Home library Current library Date acquired Koha item type
      Bibliography RRII Library RRII Library 09/04/2014 Bibliography STAF